Largest Cities in a Country, that starts with "F" - Statistics

General Stats
  • This quiz has been taken 45 times
  • The average score is 4 of 5
Answer Stats
Population City % Correct
10,860,000 Paris
100%
1,280,000 Helsinki
97%
1,580,000 Lyon
97%
1,400,000 Marseille
92%
1,020,000 Lille
62%
No matching quizzes found
Score Distribution
Percent of People with Each Score
Percentile by Number Answered
Your Score History
You have not taken this quiz